[Event "ESP-ch Seniors 50"]
[Site "Altea"]
[Date "2016.10.11"]
[Round "3"]
[White "Lloret Ramis, Juan Jose"]
[Black "Lopez de Turiso, Jose Angel"]
[Result "1/2-1/2"]
[WhiteElo "2126"]
[BlackElo "2033"]
[PlyCount "35"]
[EventDate "2016.10.09"]
[EventType "swiss"]
[EventRounds "9"]
[EventCountry "ESP"]
[SourceTitle "EXT 2024"]
[Source "ChessBase"]
[SourceDate "2023.10.10"]
[SourceVersion "1"]
[SourceVersionDate "2023.10.10"]
[SourceQuality "1"]

1. c4 f5 2. Nc3 Nf6 3. d3 e5 4. g3 d6 5. Bg2 Be7 6. e4 fxe4 7. dxe4 0-0 8. Nge2 Nc6 9. 0-0 Be6 10. Nd5 Qd7 11. f3 Bd8 12. Be3 Ne7 13. Nec3 c6 14. Nxe7+ Qxe7 15. Qd3 Bb6 16. Bxb6 axb6 17. Rfd1 Rfd8 18. b3 1/2-1/2

[Event "Alicante-ch"]
[Site "Altea"]
[Date "2016.04.23"]
[Round "6"]
[White "Lloret Ramis, Juan Jose"]
[Black "Granero Roca, Antonio"]
[Result "0-1"]
[WhiteElo "2181"]
[BlackElo "2413"]
[PlyCount "78"]
[EventDate "2016.04.02"]
[EventType "swiss"]
[EventRounds "7"]
[EventCountry "ESP"]
[SourceTitle "EXT 2024"]
[Source "ChessBase"]
[SourceDate "2023.10.10"]
[SourceVersion "1"]
[SourceVersionDate "2023.10.10"]
[SourceQuality "1"]

1. d4 Nf6 2. Bg5 g6 3. Bxf6 exf6 4. g3 Bg7 5. Bg2 d6 6. e3 f5 7. Ne2 Nd7 8. Nd2 Nf6 9. 0-0 0-0 10. c4 Re8 11. Nc3 c6 12. b4 Bd7 13. a4 a6 14. Qb3 h5 15. h4 Ng4 16. b5 f4 17. gxf4 Qxh4 18. Nf3 Qe7 19. Rfe1 axb5 20. cxb5 Be6 21. Qc2 Rec8 22. Qd2 Bd7 23. Rec1 Bf6 24. Rab1 Qd8 25. bxc6 Bxc6 26. d5 Bxa4 27. Nxa4 Rxa4 28. Bh3 Rxc1+ 29. Rxc1 Qb6 30. Bxg4 hxg4 31. Nh2 g3 32. Ng4 Bg7 33. Rc8+ Kh7 34. fxg3 Ra1+ 35. Rc1 Rxc1+ 36. Qxc1 Qb3 37. Qd2 b5 38. Nf2 b4 39. Ne4 Qb1+ 0-1

[Event "Alicante-ch"]
[Site "Altea"]
[Date "2016.04.03"]
[Round "3"]
[White "Ibanez Aullana, Jose Ramon"]
[Black "Lloret Ramis, Juan Jose"]
[Result "1-0"]
[WhiteElo "2284"]
[BlackElo "2181"]
[PlyCount "51"]
[EventDate "2016.04.02"]
[EventType "swiss"]
[EventRounds "7"]
[EventCountry "ESP"]
[SourceTitle "EXT 2024"]
[Source "ChessBase"]
[SourceDate "2023.10.10"]
[SourceVersion "1"]
[SourceVersionDate "2023.10.10"]
[SourceQuality "1"]

1. e4 c5 2. Nf3 Nf6 3. e5 Nd5 4. d4 cxd4 5. Qxd4 e6 6. a3 Nc6 7. Qe4 d6 8. c4 Nb6 9. Bg5 Be7 10. Bxe7 Qxe7 11. exd6 Qxd6 12. Nc3 0-0 13. Rd1 Qe7 14. Ne5 Qc5 15. Nxc6 Qxc6 16. Qxc6 bxc6 17. Be2 e5 18. c5 Nd7 19. Ne4 Rb8 20. Rd2 f5 21. Bc4+ Kh8 22. Nd6 Nxc5 23. Nf7+ Kg8 24. Nxe5+ Kh8 25. b4 Ne6 26. 0-0 1-0

[Event "La Vila Region-ch"]
[Site "La Vila"]
[Date "2015.11.14"]
[Round "6.1"]
[White "Lloret Ramis, Juan Jose"]
[Black "Cantero Navarro, Antonio"]
[Result "1/2-1/2"]
[WhiteElo "2192"]
[BlackElo "2057"]
[PlyCount "112"]
[EventDate "2015.10.03"]
[EventType "swiss"]
[EventRounds "7"]
[EventCountry "ESP"]
[SourceTitle "EXT 2024"]
[Source "ChessBase"]
[SourceDate "2023.10.10"]
[SourceVersion "1"]
[SourceVersionDate "2023.10.10"]
[SourceQuality "1"]

1. c4 e6 2. Nc3 d5 3. d4 Be7 4. Nf3 Nf6 5. Bf4 Nbd7 6. e3 0-0 7. Bd3 c5 8. cxd5 Nxd5 9. Nxd5 exd5 10. 0-0 c4 11. Bc2 Nf6 12. Ne5 b5 13. Nc6 Qd7 14. Nxe7+ Qxe7 15. Bg5 Qe6 16. Bxf6 gxf6 17. Qf3 f5 18. Rae1 a5 19. Qf4 Ra6 20. f3 Qh6 21. Qe5 Qd6 22. Qg3+ Qxg3 23. hxg3 Rd8 24. Kf2 b4 25. Ke2 Rg6 26. g4 Rg7 27. gxf5 Rxg2+ 28. Rf2 Rxf2+ 29. Kxf2 f6 30. Rd1 a4 31. e4 b3 32. axb3 axb3 33. Bb1 Kf7 34. Ke3 h5 35. Rh1 Rh8 36. exd5 Ke7 37. Be4 Kd6 38. Rc1 Bb7 39. Rxc4 h4 40. Kf2 h3 41. Kg1 Bxd5 42. Rb4 Bxe4 43. fxe4 Rg8+ 44. Kh1 Rg3 45. Rb6+ Ke7 46. Rb7+ Kf8 47. e5 Rf3 48. Rb8+ Ke7 49. Rb7+ Kf8 50. Kh2 fxe5 51. dxe5 Rxf5 52. Kxh3 Rxe5 53. Rxb3 Ke7 54. Rd3 Rg5 55. Kh4 Rg2 56. b3 Rg1 1/2-1/2

[Event "ESP-ch Seniors 11th"]
[Site "Alicante"]
[Date "2013.10.??"]
[Round "9.2"]
[White "Bellon Lopez, Juan Manuel"]
[Black "Lloret Ramis, Juan Jose"]
[Result "1-0"]
[WhiteElo "2378"]
[BlackElo "2278"]
[PlyCount "101"]
[EventDate "2013.10.05"]
[EventType "swiss"]
[EventRounds "9"]
[EventCountry "ESP"]
[SourceTitle "EXT 2024"]
[Source "ChessBase"]
[SourceDate "2023.10.10"]
[SourceVersion "1"]
[SourceVersionDate "2023.10.10"]
[SourceQuality "1"]

1. d4 d5 2. Bf4 Nf6 3. e3 e6 4. Nf3 Bd6 5. Bg3 Bxg3 6. hxg3 c5 7. c3 Qd6 8. Ne5 Nc6 9. Bb5 Bd7 10. Bxc6 Bxc6 11. Nd2 Nd7 12. f4 Nxe5 13. fxe5 Qe7 14. Qg4 0-0-0 15. Nf3 f6 16. dxc5 Qxc5 17. Qd4 Qxd4 18. exd4 Be8 19. g4 Bg6 20. g5 Be4 21. gxf6 gxf6 22. exf6 Bxf3 23. gxf3 Rdg8 24. Ke2 Rg6 25. Rag1 Rxf6 26. Rg7 h5 27. Rh3 Rfh6 28. Ke3 R8h7 29. Rg5 Kd7 30. f4 h4 31. Kf3 Ke7 32. Kg4 Rf6 33. a4 Rhf7 34. Rf3 h3 35. Rh5 h2 36. Kg3 h1Q 37. Rxh1 Rg7+ 38. Kf2 Rfg6 39. Rh2 Rg1 40. Ke3 Ra1 41. f5 Rf7 42. fxe6 Rxf3+ 43. Kxf3 Kxe6 44. Rh7 Rxa4 45. Rxb7 Ra2 46. Ke3 a5 47. Kf4 a4 48. Rb6+ Kd7 49. Ke5 a3 50. Kxd5 Rxb2 51. Ra6 1-0

[Event "Benidorm op U2300 11th"]
[Site "Benidorm"]
[Date "2012.12.06"]
[Round "8"]
[White "Vilanova Corbi, Jorge"]
[Black "Lloret Ramis, Juan Jose"]
[Result "1/2-1/2"]
[WhiteElo "2115"]
[BlackElo "2285"]
[PlyCount "73"]
[EventDate "2012.11.30"]
[EventType "swiss"]
[EventRounds "10"]
[EventCountry "ESP"]
[SourceTitle "EXT 2014"]
[Source "ChessBase"]
[SourceDate "2013.11.20"]
[SourceVersion "1"]
[SourceVersionDate "2013.11.20"]
[SourceQuality "1"]

1. d4 Nf6 2. c4 e6 3. Nc3 Bb4 4. Qc2 c5 5. dxc5 Na6 6. Nf3 Nxc5 7. Bd2 b6 8. e3 Bb7 9. Be2 0-0 10. a3 Bxc3 11. Bxc3 d5 12. Ng5 Nfe4 13. Nxe4 Nxe4 14. Bb4 Qf6 15. Bd3 Rfc8 16. Bxe4 dxe4 17. 0-0 a5 18. Bc3 e5 19. b3 a4 20. Qb2 axb3 21. Bxe5 Qe6 22. Bxg7 Rxc4 23. Bh8 Qg6 24. Qxb3 Rac8 25. Be5 Ba6 26. Rfd1 R4c6 27. Qb2 Bd3 28. Rac1 Qh5 29. Bg3 Rc2 30. Qa1 Qe2 31. Rxc2 Rxc2 32. Re1 Qd2 33. Qd1 Qxd1 34. Rxd1 Ra2 35. Bd6 f5 36. h3 Kf7 37. Bb4 1/2-1/2

[Event "Valencia-A"]
[Site "Valencia"]
[Date "1994.??.??"]
[Round "2"]
[White "Coret Frasquet, Jose"]
[Black "Lloret Ramis, Juan Jose"]
[Result "1/2-1/2"]
[WhiteElo "2315"]
[BlackElo "2285"]
[PlyCount "49"]
[EventDate "1994.??.??"]
[EventType "tourn"]
[EventRounds "11"]
[EventCountry "ESP"]
[SourceTitle "EXT 2002"]
[Source "ChessBase"]
[SourceDate "2001.11.25"]
[SourceVersion "1"]
[SourceVersionDate "2001.11.25"]
[SourceQuality "1"]

1. e4 c5 2. Nf3 Nf6 3. Nc3 Nc6 4. d4 d5 5. exd5 Nxd5 6. Nxd5 Qxd5 7. Be3 cxd4 8. Nxd4 a6 9. Nxc6 Qxc6 10. Qd4 Bf5 11. c3 Rd8 12. Qb6 Qxb6 13. Bxb6 Rd7 14. Be2 e5 15. Bd1 Rd6 16. Be3 Be7 17. 0-0 0-0 18. Re1 Rfd8 19. Bb3 Bf6 20. h3 h6 21. Rac1 Be6 22. Bxe6 Rxe6 23. Rcd1 Red6 24. Rxd6 Rxd6 25. Kf1 1/2-1/2

[Event "Benidorm op"]
[Site "Benidorm"]
[Date "1992.??.??"]
[Round "5"]
[White "Sanchez Almeyra, Jorge"]
[Black "Lloret Ramis, Juan Jose"]
[Result "1-0"]
[WhiteElo "2425"]
[BlackElo "2205"]
[PlyCount "65"]
[EventDate "1992.06.??"]
[EventType "swiss"]
[EventRounds "7"]
[EventCountry "ESP"]
[SourceTitle "TD"]
[Source "ChessBase"]
[SourceDate "1994.03.01"]
[SourceVersion "1"]
[SourceVersionDate "1994.03.01"]
[SourceQuality "1"]

1. e4 c5 2. Nf3 Nf6 3. Nc3 Nc6 4. d4 d5 5. exd5 Nxd5 6. Bb5 Nxc3 7. bxc3 e6 8. 0-0 Be7 9. Qe2 0-0 10. Rd1 Qc7 11. Rb1 cxd4 12. cxd4 a6 13. Bxc6 Qxc6 14. Ne5 Qc7 15. c4 b5 16. Bf4 Bd6 17. Rdc1 Bxe5 18. Bxe5 Qd7 19. c5 Bb7 20. Rb3 Qd5 21. Rg3 f6 22. Qg4 g6 23. Bd6 Rf7 24. a3 Bc6 25. Re1 Re8 26. h4 a5 27. Ree3 e5 28. dxe5 fxe5 29. h5 Rf4 30. Qg5 Re6 31. hxg6 Rxg6 32. Qd8+ Kg7 33. Bxe5+ 1-0

[Event "Alicante op2"]
[Site "Alicante"]
[Date "1989.??.??"]
[Round "?"]
[White "Castillo, Jose"]
[Black "Lloret Ramis, Juan Jose"]
[Result "0-1"]
[WhiteElo "2295"]
[BlackElo "2205"]
[PlyCount "112"]
[EventDate "1989.??.??"]
[EventType "swiss"]
[EventRounds "11"]
[EventCountry "ESP"]
[SourceTitle "EXT 1997"]
[Source "ChessBase"]
[SourceDate "1996.11.15"]
[SourceVersion "1"]
[SourceVersionDate "1996.11.15"]
[SourceQuality "1"]

1. e4 c5 2. Nf3 Nf6 3. Nc3 Nc6 4. d4 d5 5. e5 cxd4 6. Nxd4 Nxe5 7. Bb5+ Bd7 8. Bg5 a6 9. Bxf6 exf6 10. Bxd7+ Qxd7 11. Qe2 0-0-0 12. 0-0 Bb4 13. Nd1 Qg4 14. Qxg4+ Nxg4 15. h3 Ne5 16. c3 Bc5 17. Ne3 Nc4 18. b4 Bxd4 19. cxd4 Nxe3 20. fxe3 Rhe8 21. Rac1+ Kd7 22. Rc5 Rxe3 23. Rxd5+ Ke8 24. Rxd8+ Kxd8 25. Rd1 Re2 26. a4 Rb2 27. b5 axb5 28. axb5 Rxb5 29. Kf2 Rb3 30. Ke2 Kd7 31. Ra1 Rg3 32. Kf2 Rb3 33. Ra2 h5 34. Ra5 g6 35. Ra2 Kc6 36. Ra7 Kd7 37. Ke2 Rb2+ 38. Kf3 Rd2 39. Ra4 Kc6 40. Rb4 b5 41. g3 Rd3+ 42. Kf2 Ra3 43. Rb2 h4 44. gxh4 Rxh3 45. Rb4 Kb6 46. d5 Kc5 47. Rf4 f5 48. Kg2 Rd3 49. h5 Rxd5 50. h6 Rd8 51. Kf2 b4 52. Ke2 b3 53. Rh4 b2 54. Rh1 Kc4 55. h7 Kc3 56. Ke3 Rh8 0-1

[Event "Alicante op2"]
[Site "Alicante"]
[Date "1989.??.??"]
[Round "?"]
[White "Lloret Ramis, Juan Jose"]
[Black "Comas Fabrego, Luis"]
[Result "0-1"]
[WhiteElo "2205"]
[BlackElo "2305"]
[PlyCount "118"]
[EventDate "1989.??.??"]
[EventType "swiss"]
[EventRounds "11"]
[EventCountry "ESP"]
[SourceTitle "EXT 1997"]
[Source "ChessBase"]
[SourceDate "1996.11.15"]
[SourceVersion "1"]
[SourceVersionDate "1996.11.15"]
[SourceQuality "1"]

1. Nf3 Nf6 2. c4 e6 3. d4 d5 4. Nc3 Be7 5. Bg5 0-0 6. e3 Nbd7 7. Rc1 c6 8. Bd3 a6 9. cxd5 exd5 10. 0-0 Re8 11. Qc2 Nf8 12. h3 Be6 13. Bxf6 Bxf6 14. b4 Be7 15. Rb1 Rc8 16. Na4 Rc7 17. Nc5 Bc8 18. a4 Bd6 19. Bf5 Bxf5 20. Qxf5 g6 21. Qc2 Qe7 22. Rfc1 Rec8 23. Ne1 Bxc5 24. Qxc5 Qxc5 25. bxc5 Ne6 26. Rc2 Re8 27. Nd3 Kf8 28. Nc1 Ke7 29. Nb3 Kd8 30. Rcb2 Kc8 31. Nc1 f6 32. Nd3 Rce7 33. Nb4 Rc7 34. Nd3 Kb8 35. Nb4 Ka7 36. Nd3 Rce7 37. Rc1 Rb8 38. Rcb1 Rbe8 39. Nb4 h6 40. Nd3 Rb8 41. Rb6 Rbe8 42. Nc1 g5 43. Nd3 Nd8 44. Kf1 Re4 45. R1b3 R8e7 46. g3 Nf7 47. Ke2 Ka8 48. Kd2 h5 49. Kc3 f5 50. Kb4 h4 51. gxh4 Rxh4 52. Ka5 Rxh3 53. Nb4 Nd8 54. Nxa6 f4 55. Rb1 fxe3 56. fxe3 Rhxe3 57. Rf1 Ne6 58. Rh1 Ka7 59. Nb4 Nxd4 0-1